Finanční a účetní kompetence žáků na českých OA
Finančná gramotnosť a výkony žiakov vybraných obchodných akadémií v ČR. Výskum zameraný na finančnú a účtovnú kompetenciu žiakov v predmete účtovníctvo, prípadové štúdie a otázky z ekonomických predmetov. Výsledky výskumu.
Guardado en:
| Autor principal: | |
|---|---|
| Formato: | Capítulo de libro |
| Lenguaje: | checo |
| Materias: | |
| Etiquetas: |
Sin Etiquetas, Sea el primero en etiquetar este registro!
|
MARC
| LEADER | 00000nla$a2200000$$$4500 | ||
|---|---|---|---|
| 001 | 0142088 | ||
| 005 | 20221103134112.2 | ||
| 041 | 0 | |a cze | |
| 044 | |a SK | ||
| 245 | 1 | 0 | |a Finanční a účetní kompetence žáků na českých OA |c Kateřina Berková |
| 520 | |a Finančná gramotnosť a výkony žiakov vybraných obchodných akadémií v ČR. Výskum zameraný na finančnú a účtovnú kompetenciu žiakov v predmete účtovníctvo, prípadové štúdie a otázky z ekonomických predmetov. Výsledky výskumu. | ||
| 610 | 2 | 0 | |a Česko |
| 610 | 2 | 0 | |a školstvo |
| 610 | 2 | 0 | |a školy stredné odborné |
| 610 | 2 | 0 | |a sústava výchovno-vzdelávacia |
| 610 | 2 | 0 | |a predmety učebné |
| 610 | 2 | 0 | |a gramotnosť finančná |
| 610 | 2 | 0 | |a vzdelanie ekonomické |
| 610 | 2 | 0 | |a štúdie prípadové |
| 610 | 2 | 0 | |a výskum |
| 100 | 1 | |a Berková, Kateřina | |